Statistiques concernant Départements Français commençant par une voyelle

Cliquez ici pour prendre le quiz!

Statistiques générales

  • Ce quiz a été pris 18 504 fois
  • Le résultat moyen est 16 sur 22

Statistiques - réponses

GroupeRéponse% Correct
AAin
94%
AAisne
88%
YYvelines
85%
YYonne
81%
IIndre
80%
EEure
79%
AAude
76%
IIndre-et-Loire
76%
AAllier
74%
AAube
74%
AArdèche
73%
EEure-et-Loir
73%
AAlpes-Maritimes
72%
IIsère
72%
OOise
71%
AAriège
69%
AAveyron
69%
OOrne
65%
AAlpes-de-Haute-Provence
64%
EEssonne
64%
AArdennes
63%
IIlle-et-Vilaine
62%

Distribution des résultats

Percentile par nombre de réponses

% des personnes avec chaque résultat

Votre développement - résultats

Vous n’avez pas pris ce quiz